000 00382pab a2200157 454500
008 180718b2003 xxu||||| |||| 00| 0 eng d
100 _aBanerjee, Sumanta
245 _aNaxalites: time for introspection
260 _c2003
300 _ap.4635-636.
362 _a1 Nov
650 _aNaxalites
650 _aTerrorism
773 _aEconomic and Political Weekly
909 _a58555
999 _c58555
_d58555